<?xml version="1.0" encoding="UTF-8"?>
<record
    xmlns:xsi="http://www.w3.org/2001/XMLSchema-instance"
    xsi:schemaLocation="http://www.loc.gov/MARC21/slim http://www.loc.gov/standards/marcxml/schema/MARC21slim.xsd"
    xmlns="http://www.loc.gov/MARC21/slim">

  <leader>00617cam a2200181   4500</leader>
  <controlfield tag="001">BUCI002568</controlfield>
  <controlfield tag="008">      s1954    mx                  spa  </controlfield>
  <datafield tag="035" ind1=" " ind2=" ">
    <subfield code="a">BUCI002568</subfield>
  </datafield>
  <datafield tag="050" ind1="0" ind2="0">
    <subfield code="a">F2821 </subfield>
    <subfield code="b">M37 1954</subfield>
  </datafield>
  <datafield tag="100" ind1="1" ind2=" ">
    <subfield code="a">M&#xE1;rquez Miranda, Fernando</subfield>
  </datafield>
  <datafield tag="245" ind1="1" ind2="0">
    <subfield code="a">Regi&#xF3;n Meridional de Am&#xE9;rica del sur :</subfield>
    <subfield code="b">Per&#xED;odo ind&#xED;gena /</subfield>
    <subfield code="c">Fernando M&#xE1;rquez Miranda.</subfield>
  </datafield>
  <datafield tag="250" ind1=" " ind2=" ">
    <subfield code="a">1a ed.</subfield>
  </datafield>
  <datafield tag="260" ind1=" " ind2=" ">
    <subfield code="b">Instituto Panamericano de Geograf&#xED;a e Historia\</subfield>
    <subfield code="c">1954</subfield>
  </datafield>
  <datafield tag="300" ind1=" " ind2=" ">
    <subfield code="a">240 p. ;</subfield>
    <subfield code="c">17 cm.</subfield>
  </datafield>
  <datafield tag="440" ind1=" " ind2="0">
    <subfield code="a">Programa de Historia de Am&#xE9;rica. Per&#xED;odo Ind&#xED;gena ; </subfield>
    <subfield code="v">no. 10</subfield>
  </datafield>
  <datafield tag="650" ind1="1" ind2="0">
    <subfield code="a">Indios de Am&#xE9;rica del Sur.</subfield>
  </datafield>
  <datafield tag="942" ind1=" " ind2=" ">
    <subfield code="2">lcc</subfield>
    <subfield code="c">LIB</subfield>
  </datafield>
  <datafield tag="999" ind1=" " ind2=" ">
    <subfield code="c">87475</subfield>
    <subfield code="d">87475</subfield>
  </datafield>
  <datafield tag="952" ind1=" " ind2=" ">
    <subfield code="1">0</subfield>
    <subfield code="2">lcc</subfield>
    <subfield code="4">0</subfield>
    <subfield code="7">0</subfield>
    <subfield code="a">UCIH</subfield>
    <subfield code="b">UCIH</subfield>
    <subfield code="c">GENERAL</subfield>
    <subfield code="d">2018-09-27</subfield>
    <subfield code="f">1a. ed.</subfield>
    <subfield code="h">BCU000003749</subfield>
    <subfield code="k">EH</subfield>
    <subfield code="o">F2821 M37 1954</subfield>
    <subfield code="p">BCU000003749</subfield>
    <subfield code="r">2018-09-27 00:00:00</subfield>
    <subfield code="t">C:1</subfield>
    <subfield code="y">LIB</subfield>
  </datafield>
  <datafield tag="952" ind1=" " ind2=" ">
    <subfield code="1">0</subfield>
    <subfield code="2">lcc</subfield>
    <subfield code="4">0</subfield>
    <subfield code="7">0</subfield>
    <subfield code="a">UCIH</subfield>
    <subfield code="b">UCIH</subfield>
    <subfield code="c">GENERAL</subfield>
    <subfield code="d">2018-09-27</subfield>
    <subfield code="f">1a. ed.</subfield>
    <subfield code="h">BCU000003750</subfield>
    <subfield code="k">EH</subfield>
    <subfield code="o">F2821 M37 1954</subfield>
    <subfield code="p">BCU000003750</subfield>
    <subfield code="r">2018-09-27 00:00:00</subfield>
    <subfield code="t">C:2</subfield>
    <subfield code="y">LIB</subfield>
  </datafield>
</record>
